000 00694nam a22002297a 4500
005 20170124110002.0
010 _aA-318353
020 _c120.00
_a8185078149
035 _aA-318353
037 _bCen Lib/Ret
040 _aDPL
_bEN
082 _a364
_bDAS
100 _aDas, R.M.
_915970
245 _aManu on crime and punishment /
_cby R.M.Das
260 _aNew Delhi
_bJanaki Prakashan
_c1987
270 _bNew Delhi
_a1979, Ganj Mirkhan, Daryaganj
_e110002
300 _aviii,171p. :
_c20cm(Hb)
500 _aIncludes bibliographical references and index
650 _aHindu law.
_911016
650 _aCriminal law (Hindu law)
_915971
942 _2ddc
_cEN
_h364
_mDAS
999 _c125917
_d125917